000 00836nam a2200253Ia 4500
003 GCL
008 140319s9999 xx 000 0 ara d
040 _aGCL /
_cGCL
082 0 4 _a398.42962
_bف ش
100 1 _aفاطمة حسين المصرى
245 1 0 _aالشخصية المصرية من خلال دراسة الفولكلور المصرى /
_cفاطمة حسين المصرى
260 _a[S.N] :
_bالهيئة المصرية العامة للكتاب ،
_c1984
300 _a310 ص
490 _a
650 0 4 _aمصر
650 0 4 _aالعادات والتقاليد
650 0 4 _aالفولكلور
650 0 4 _aالادب الشعبى
650 0 4 _aالشخصية
650 0 4 _aالاجتماع
650 0 4 _aالفنون الشعبية
650 0 4 _aالتنشئة الاجتماعية
942 _2ddc
_cBK
999 _c28212
_d28212